Thiết kế trình bày sách, báo và tạp chí chuyên nghiệp, tập 2(CD) /
CD trình bày những vấn đề:
Đã lưu trong:
| Tác giả chính: | |
|---|---|
| Định dạng: | Sách |
| Ngôn ngữ: | Vietnamese |
| Được phát hành: |
TP.HCM :
ĐẤT VIỆT ,
2008
|
| Những chủ đề: | |
| Các nhãn: |
Thêm thẻ
Không có thẻ, Là người đầu tiên thẻ bản ghi này!
|
| Thư viện lưu trữ: | Thư viện Trường CĐ Kỹ Thuật Cao Thắng |
|---|
| LEADER | 00969nam a2200265 a 4500 | ||
|---|---|---|---|
| 001 | TVCDKTCT9367 | ||
| 003 | Thư viện trường Cao đẳng Kỹ thuật Cao Thắng | ||
| 005 | 20080509000000 | ||
| 008 | 080509 | ||
| 980 | \ | \ | |a Thư viện Trường CĐ Kỹ Thuật Cao Thắng |
| 024 | |a RG_1 #1 eb0 i1 | ||
| 041 | 0 | # | |a vie |
| 082 | # | # | |a 005 / |b D561TR-a |
| 100 | 1 | # | |a Dương Trung Hiếu |
| 245 | 0 | 0 | |a Thiết kế trình bày sách, báo và tạp chí chuyên nghiệp, tập 2(CD) / |c Dương Trung Hiếu |
| 260 | # | # | |a TP.HCM : |b ĐẤT VIỆT , |c 2008 |
| 520 | # | # | |a CD trình bày những vấn đề: |
| 520 | # | # | |a Trình bày dàn trang báo; |
| 520 | # | # | |a Thiết kế Master page; |
| 520 | # | # | |a Đóng gói sản phẩm; |
| 520 | # | # | |a Xử lý hình ảnh; |
| 520 | # | # | |a Loại bỏ nền ảnh Bitmap; |
| 520 | # | # | |a Tạo text wrap cho ảnh. |
| 650 | # | 4 | |a Tin học |
| 650 | # | 4 | |a Adobe Indesign |